Wellington New Zealand - Kapiti Line Stations - Statistics

General Stats
  • This quiz has been taken 45 times
  • The average score is 11 of 14
Answer Stats
Answer % Correct
Porirua
97%
Paekakariki
89%
Waikanae
89%
Paraparaumu
86%
Plimmerton
83%
Tawa
83%
Pukerua Bay
81%
Wellington
81%
Redwood
78%
Mana
75%
Linden
69%
Paremata
69%
Takapu Road
69%
Kenepuru
67%
No matching quizzes found
Score Distribution
Percent of People with Each Score
Percentile by Number Answered
Your Score History
You have not taken this quiz